| 000 | 00624nam a2200181 i 4500 | ||
|---|---|---|---|
| 001 | 32534 | ||
| 003 | ES-MaACL | ||
| 005 | 20230906154605.0 | ||
| 007 | t| | ||
| 008 | 030131s1969 sp ||||1| spa d | ||
| 100 | 1 |
_aBerns, Harald. _928352 |
|
| 245 | 1 | 0 |
_aSistema de representación gráfica, diédrica, axométrica, perspectiva / _cpor Harald Berns ; traducido por T. Nieto Aguilera ; revisado por J. A. Ibarreche. |
| 260 |
_aBilbao : _bUrmo, _c[1969] |
||
| 300 |
_a211 p., 2 lám. : _bil. ; _c22 cm. |
||
| 700 | 1 |
_aNieto Aguilera, T. _985669 |
|
| 700 | 1 |
_aIbarreche, J. A. _964970 |
|
| 852 |
_aES-MaACL _jC-38507 _bR.72696 |
||
| 999 |
_c32534 _d32534 |
||